000 01418nam0a2200361 4500
001 RU\NLR\bibl\155840
005 20250618052220.0
010 _a5-85582-102-1
_93200
021 _aRU
_b2001-2250
_9118
035 _a(NLR Aleph) 000152827
090 _a877461
_c877461
100 _a20010316d2001 |||y0rusy50 ca
101 1 _arus
102 _aRU
105 _aa |||||||||
200 1 _aНастройка маршрутизаторов Cisco
_e[Пер.]
_fТодд Леммл
210 _aМ.
_cЛори
_d2001
215 _aXVI, 304 с.
_cил.
_d24
225 1 _aЗавтра экзамен CCNP
606 0 _aВычислительные сети
_jРуководства, пособия и т.п.
_xМаршрутизаторы
_xНастройка
_92205258
_3RU\NLR\auth\661324965
606 0 _aВычислительные сети
_jУчебные издания
_xМаршрутизаторы
_xНастройка
_92205258
_3RU\NLR\auth\661324965
610 0 _aВычислительные сети - Маршрутизация - Экзамены сертификационные
675 _a004.715
_v3
_zrus
686 _a50
_2rugasnti
686 _a32.973.26-018.2
_2rubbk
686 _aЗ988-04я77
700 1 _aЛеммл
_gТодд
_4070
801 0 _aRU
_bRKP
_c20010316
_gPSBO
801 1 _aRU
_bRKP
_c20010316
801 2 _aRU
_bNLR
_c20010530
_grcr
942 _cBOOK
980 _aNB